Languages and cultures in contact : at the crossroads of civilizations in the Syro-Mesopotamian realm : proceedings of the 42th [sic] RAI
Αποθηκεύτηκε σε:
| Άλλοι συγγραφείς: | , |
|---|---|
| Μορφή: | Βιβλίο |
| Γλώσσα: | English |
| Δημοσίευση: |
Leuven :
Peeters,
1999
|
| Σειρά: | Orientalia Lovaniensia analecta ;
; 96 |
| Θέματα: | |
| Ετικέτες: |
Προσθήκη ετικέτας
Δεν υπάρχουν, Καταχωρήστε ετικέτα πρώτοι!
|
MARC
| LEADER | 00000nam a2200000 i 4500 | ||
|---|---|---|---|
| 001 | 1/70513 | ||
| 008 | 080115s1999 eng d | ||
| 020 | |a 90-429-0719-3 | ||
| 035 | |l 10093698 | ||
| 040 | |a GR-MY-UA |b gre |e aacr | ||
| 041 | 0 | |a eng | |
| 082 | 0 | |a 393.109394 |2 (22) | |
| 245 | 1 | 0 | |a Languages and cultures in contact : |b at the crossroads of civilizations in the Syro-Mesopotamian realm : proceedings of the 42th [sic] RAI / |c edited by K. Van Lerberghe and G. Voet |
| 260 | |a Leuven : |b Peeters, |c 1999 | ||
| 300 | |a xix, 532 σ.; |c 25 εκ. | ||
| 490 | 1 | |a Orientalia Lovaniensia analecta |v ; 96 | |
| 504 | |a Περιλαμβάνει βιβλιογραφίες και ευρετήριο | ||
| 650 | 0 | 0 | |a Civilization, Assyro-Babylonian. |
| 650 | 0 | 0 | |a Excavations (Archaeology) |z Middle East |x Congresses. |
| 651 | 0 | |a Iraq |x Antiquities. | |
| 651 | 0 | |a Syria |x Antiquities. | |
| 700 | 1 | |a Lerberghe, Karel van. |4 edt | |
| 700 | 1 | |a Voet, Gabriela. |4 edt | |
| 830 | 0 | |a Orientalia Lovaniensia analecta ; |v ; 96 | |
| 852 | |a INST |b RHODES |e 20080115 |h 393.109394 LAN |p 005400030364 |q 005400030364 |t BK |y 0 | ||
| 901 | |a BIBL4-2008-1 | ||
| 909 | |a Ρ |b 142851 | ||
| 922 | |a 4ΕΛΗ |b 200712 |c ΕΠΕΑΕΚ2/ΤΜΣ |d ΕΛΕΥΘΕΡΟΥΔΑΚΗΣ | ||
| 970 | |a ΜΙΣΣΟΣ |b ΣΤΑΥΡΟΣ |z 2008/01/15 | ||